Anisotropy in single-crystal refractory compounds (Record no. 21803)
[ view plain ]
| 000 -LEADER | |
|---|---|
| fixed length control field | 00553nam a22001697a 4500 |
| 008 - FIXED-LENGTH DATA ELEMENTS--GENERAL INFORMATION | |
| fixed length control field | 230420b |||||||| |||| 00| 0 eng d |
| 040 ## - CATALOGING SOURCE | |
| Original cataloging agency | National Science Library |
| Transcribing agency | National Science Library |
| 080 ## - UNIVERSAL DECIMAL CLASSIFICATION NUMBER | |
| Universal Decimal Classification number | 666.7(082.2) |
| Item number | K8.1 |
| 245 ## - TITLE STATEMENT | |
| Title | Anisotropy in single-crystal refractory compounds |
| 260 ## - PUBLICATION, DISTRIBUTION, ETC. | |
| Place of publication, distribution, etc. | New York: |
| Name of publisher, distributor, etc. | Plenum Press, |
| Date of publication, distribution, etc. | 1968 |
| 500 ## - GENERAL NOTE | |
| General note | Vol. 1 (xix, 405p.)<br/>Vol. 2 (xi, 493p.) |
| 650 ## - SUBJECT ADDED ENTRY--TOPICAL TERM | |
| Topical term or geographic name entry element | Chemical technology |
| 653 ## - INDEX TERM--UNCONTROLLED | |
| Uncontrolled term | Chemistry |
| 700 ## - ADDED ENTRY--PERSONAL NAME | |
| Personal name | Vahldiek, Fred W (Ed.) |
| 700 ## - ADDED ENTRY--PERSONAL NAME | |
| Personal name | Mersol, Stanley A (Ed.) |
| 942 ## - ADDED ENTRY ELEMENTS (KOHA) | |
| Source of classification or shelving scheme | Universal Decimal Classification |
| Koha item type | Reference |
| Withdrawn status | Lost status | Damaged status | Not for loan | Collection | Home library | Current library | Shelving location | Date acquired | Serial Enumeration / chronology | Total Checkouts | Full call number | Barcode | Date last seen | Price effective from | Koha item type | Source of classification or shelving scheme |
|---|---|---|---|---|---|---|---|---|---|---|---|---|---|---|---|---|
| Reference | National Science Library | National Science Library | GF/Rk-20/C-9/R-1 | 14/06/1971 | Vol. 1 (xix, 405p.) | 666.7(082.2) K8.1 | 35148 | 20/04/2023 | 14/06/1971 | Reference | ||||||
| Reference | National Science Library | National Science Library | GF/Rk-20/C-9/R-1 | 14/06/1971 | Vol. 2 (xi, 493p.) | 666.7(082.2) K8.2 | 35149 | 20/04/2023 | 14/06/1971 | Reference | Universal Decimal Classification |